000 00814nam a2200241 4500
005 20200104041525.0
008 140303s1999 cr d||||r|||| 00| 0 spa d
020 _a9977573344
040 _aCO-BoIAVH
_cCO-BoIAVH
041 1 _aspa
_heng
044 _acr
082 0 4 _a334.683
_bN96a
245 0 0 _aNuevas alianzas para la agricultura sostenible /
_ceditado por Lori Ann Thrupp
260 _aTurrialba (Costa Rica) :
_bCATIE,
_c1999.
300 _a153 páginas :
_bgráficas y tablas ;
_c25 x 20 cm.
504 _aIncluye referencias bibliográficas.
650 1 6 _aAgricultura cooperativa
_vEstudios de caso
650 2 6 _aAgricultura sostenible
650 2 6 _aComunidades locales
650 2 6 _aPolítica agrícola
700 1 _aThrupp, Lori Ann
_eeditora
942 _cLIBRO
_2ddc
999 _c1922
_d1922